| 000 | 00918nam a2200253Ii 4500 | ||
|---|---|---|---|
| 008 | 221202s xx 000 0 und d | ||
| 245 | 0 |
_aSign Languages of the World : _b A Comparative Handbook |
|
| 264 |
_bDe Gruyter _c2015 |
||
| 300 | _a1 online resource | ||
| 336 |
_atext _btxt _2rdacontent |
||
| 337 |
_acomputer _bc _2rdamedia |
||
| 338 |
_aonline resource _bcr _2rdacarrier |
||
| 520 | _aSign Language; Deaf history; Deaf Education; Linguistic Typology | ||
| 653 | _aDeaf Education | ||
| 653 | _aDeaf History | ||
| 653 | _aLinguistic Typology | ||
| 653 | _aSign Language | ||
| 700 | 1 | _aBakken Jepsen, Julie | |
| 700 | 1 | _aDe Clerck, Goedele | |
| 700 | 1 | _aLutalo-Kiingi, Sam | |
| 700 | 1 | _aMcGregor, William B. | |
| 856 |
_uhttps://docs.google.com/spreadsheets/d/1yKIrdCPDAG_9c22mwoOIO2DOhtj65Wqa/edit?usp=sharing&ouid=106555315294820607512&rtpof=true&sd=true _yList of Curated E-Books |
||
| 942 | _cE-BOOK | ||
| 999 |
_c96572 _d96569 |
||